| 000 | 00375nam a2200133Ia 4500 | ||
|---|---|---|---|
| 008 | 240624s9999 xx 000 0 und d | ||
| 041 | _aeng | ||
| 082 | _a658.812 BHA | ||
| 100 | _aBHARGAVA ROHIT | ||
| 245 | _aLIKEONOMICS THE UNEXPECTED TRUTH BEHIND | ||
| 260 |
_c2012 _atrust, influencing behavior and inspiring action _bWiley India |
||
| 300 | _a224 : p. | ||
| 365 |
_cRS _b30 |
||
| 999 |
_c24103 _d24103 |
||